000 00443nam a22001697a 4500
003 NUST - PNEC
005 20170116181148.0
008 151014b xxu||||| |||| 00| 0 eng d
020 _a8170620414
040 _cLIBRARY
082 _a954.9205 JAG
100 _915180
_a Jagdev Singh
245 _aDismemberment of Pakistan : 1971 Indo-Pak War
_cSingh,Jagdev
260 _cc 1988
650 _915182
_aPakistan
_xGeneral
942 _2ddc
_cBK
999 _c70807
_d70807